000 00313nam a2200121Ia 4500
008 191201s2011 xx 000 0 und d
100 _aCHATURVEDI,P.D.
245 0 _aBusiness Communication Concepts Cases and Applications
260 _aN. Delhi
_bPearson
_c2011
300 _a332
650 _aBBA
942 _2ddc
_cBK
999 _c6589
_d6589